000 00503nam a22001937a 4500
003 OSt
005 20220107122754.0
008 140621b xxu||||| |||| 00| 0 eng d
020 _a978818471746
040 _cIIITM-K
082 _a621.367 GHO/D
100 _aGhosh, S.K
_95703
245 _aDigital image processing
_cby S.K Ghosh
260 _aNew Delhi,
_bNarosa,
_c2013.
650 _aDIGITAL IMAGING
_95704
650 _aIMAGE PROCESSING
_95705
650 _aIMAGE ANALYSIS
_95706
942 _2ddc
_cBK
999 _c4436
_d4436